[Event "Helsingor Xtracon op"]
[Site "Helsingor"]
[Date "2019.07.25"]
[Round "7"]
[White "Rempe, Lennik"]
[Black "Rostrup, Nicolai"]
[Result "0-1"]
[WhiteElo "1147"]
[BlackElo "1462"]
[PlyCount "76"]
[EventDate "2019.07.20"]
[EventType "swiss"]
[EventRounds "10"]
[EventCountry "DEN"]
[SourceTitle "CBM 191 Extra"]
[Source "ChessBase"]
[SourceDate "2019.09.30"]
[SourceVersion "1"]
[SourceVersionDate "2019.09.30"]
[SourceQuality "1"]

1. e4 c5 2. Nf3 Nc6 3. Nc3 Nf6 4. e5 Ng4 5. Qe2 Qc7 6. Nb5 Qb8 7. d4 cxd4 8. Bf4 e6 9. Bg3 Bb4+ 10. c3 dxc3 11. Nxc3 0-0 12. Qc4 Bxc3+ 13. bxc3 f5 14. exf6 Nxf6 15. Qh4 d6 16. Bd3 h6 17. Bg6 Qc7 18. 0-0 Ne7 19. Bc2 e5 20. Bb3+ Kh8 21. Bc2 Nf5 22. Qh3 Nxg3 23. Qxg3 Qd7 24. Nh4 Qg4 25. Ng6+ Kg8 26. Ne7+ Kh8 27. Ng6+ Kg8 28. Ne7+ Kf7 29. Nf5 Bxf5 30. Bxf5 Qxf5 31. Rfd1 Rad8 32. f4 e4 33. c4 d5 34. Qb3 Kg8 35. Rd4 Kh8 36. Rad1 Qxf4 37. cxd5 Ng4 38. Qc2 Qxh2# 0-1

[Event "Helsingor Xtracon op"]
[Site "Helsingor"]
[Date "2019.07.22"]
[Round "4"]
[White "Rostrup, Nicolai"]
[Black "Satre, Roger"]
[Result "0-1"]
[WhiteElo "1462"]
[BlackElo "1867"]
[PlyCount "56"]
[EventDate "2019.07.20"]
[EventType "swiss"]
[EventRounds "10"]
[EventCountry "DEN"]
[SourceTitle "CBM 191 Extra"]
[Source "ChessBase"]
[SourceDate "2019.09.30"]
[SourceVersion "1"]
[SourceVersionDate "2019.09.30"]
[SourceQuality "1"]

1. e4 e6 2. d4 d5 3. Nd2 Nf6 4. e5 Nfd7 5. Bd3 c5 6. c3 b6 7. f4 Ba6 8. Ndf3 Bxd3 9. Qxd3 Nc6 10. Ne2 Be7 11. h4 f6 12. f5 fxe5 13. Ng5 Nf8 14. fxe6 Bxg5 15. Qf5 Bxh4+ 16. g3 Bf6 17. Bg5 Qe7 18. Bxf6 Qxf6 19. Rf1 Qxf5 20. Rxf5 g6 21. Rf3 e4 22. Rf6 Ke7 23. Rf7+ Kxe6 24. Rc7 Kd6 25. Rf7 Ne6 26. dxc5+ bxc5 27. 0-0-0 Raf8 28. Rdf1 Ne5 0-1

[Event "Helsingor Xtracon op"]
[Site "Helsingor"]
[Date "2019.07.20"]
[Round "1"]
[White "Kakulidis, Ellen"]
[Black "Rostrup, Nicolai"]
[Result "1-0"]
[WhiteElo "1998"]
[BlackElo "1462"]
[PlyCount "71"]
[EventDate "2019.07.20"]
[EventType "swiss"]
[EventRounds "10"]
[EventCountry "DEN"]
[SourceTitle "CBM 191 Extra"]
[Source "ChessBase"]
[SourceDate "2019.09.30"]
[SourceVersion "1"]
[SourceVersionDate "2019.09.30"]
[SourceQuality "1"]

1. d4 Nf6 2. g3 d5 3. Nf3 Bf5 4. Bg2 e6 5. 0-0 c5 6. c4 Bg6 7. cxd5 Nxd5 8. Nc3 Nxc3 9. bxc3 Be4 10. Qa4+ Bc6 11. Qc2 Be7 12. e4 Nd7 13. Re1 Nf6 14. Bb2 b5 15. Ne5 Bb7 16. Qe2 a6 17. Rad1 0-0 18. Nd3 c4 19. Ne5 Re8 20. Bc1 Qc7 21. h4 Rad8 22. h5 Nd7 23. Nxd7 Qxd7 24. h6 g6 25. Bh3 Qc8 26. d5 f5 27. Qf3 Qa8 28. Bg2 Bf6 29. exf5 exf5 30. Re3 Rxe3 31. Qxe3 Kh8 32. Re1 Qb8 33. Ba3 Bc8 34. Be7 Qe5 35. Qxe5 Bxe5 36. Bxd8 1-0